000 01005nam a22002537a 4500
001 BD-DhSAU 9125
003 BD-DhSAU
005 20181208115142.0
008 150612b2008 bg a||||r|||| 000 0 eng d
040 _aBD-DhSAU
082 _222
_a630
_bB3946
100 _aBegum, Monira
_eRegistration No. # 07-02602
245 _aResponse of wheat to levels of nitrogen and plant spacing /
_bMS thesis
_cby Monira Begum
260 _aSher-e- Bangla Agricultural University :
_bDepartment of Agronomy,
_c2008.
300 _axv, 101 p. :
_bill. ,
_c30 cm.
500 _aMS thesis of Department of Horticulture and Postharvest Technology, Faculty of Agriculture, Sher-e-Bangla Agricultural University, Dhaka, Bangladesh
590 _ajoy
650 _aAgronomy.
650 _aWheat
_xPlant spacing.
700 _aAli, Md. Hazrat
_eSupervisor
700 _aKarim, Md. Fazlul
_eCo-Supervisor
856 _uhttp://archive.saulibrary.edu.bd:8080/xmlui/handle/123456789/1417
942 _2ddc
_cTHESIS
999 _c9125
_d9125